<?xml version="1.0" encoding="UTF-8"?>
<record
    xmlns:xsi="http://www.w3.org/2001/XMLSchema-instance"
    xsi:schemaLocation="http://www.loc.gov/MARC21/slim http://www.loc.gov/standards/marcxml/schema/MARC21slim.xsd"
    xmlns="http://www.loc.gov/MARC21/slim">

  <leader>00762nam a22002057a 4500</leader>
  <controlfield tag="005">20220506151039.0</controlfield>
  <controlfield tag="008">220506b           ||||| |||| 00| 0 eng d</controlfield>
  <datafield tag="040" ind1=" " ind2=" ">
    <subfield code="c">Aloy</subfield>
  </datafield>
  <datafield tag="041" ind1=" " ind2=" ">
    <subfield code="a">kan</subfield>
  </datafield>
  <datafield tag="082" ind1=" " ind2=" ">
    <subfield code="2">23</subfield>
    <subfield code="a">K894.4</subfield>
    <subfield code="b">MAHM</subfield>
  </datafield>
  <datafield tag="100" ind1=" " ind2=" ">
    <subfield code="a">Mahabaleswar Katrahalli: &#xCAE;&#xCB9;&#xCBE;&#xCAC;&#xCB2;&#xCC7;&#xCB6;&#xCCD;&#xCB5;&#xCB0; &#xC95;&#xCBE;&#xC9F;&#xCCD;&#xCB0;&#xCB9;&#xCB3;&#xCCD;&#xCB3;&#xCBF;</subfield>
    <subfield code="9">34619</subfield>
  </datafield>
  <datafield tag="245" ind1=" " ind2=" ">
    <subfield code="a">Mahiti samskrati: &#xCAE;&#xCBE;&#xCB9;&#xCBF;&#xCA4;&#xCC0; &#xCB8;&#xC82;&#xCB8;&#xCCD;&#xC95;&#xCCD;&#xCB0;&#xCA4;&#xCBF; </subfield>
  </datafield>
  <datafield tag="260" ind1=" " ind2=" ">
    <subfield code="a">Ballari</subfield>
    <subfield code="b">Apoorva Prakashana</subfield>
    <subfield code="c">2003</subfield>
  </datafield>
  <datafield tag="300" ind1=" " ind2=" ">
    <subfield code="a">viii,318p.</subfield>
    <subfield code="b">PB</subfield>
    <subfield code="c">21x14cm.</subfield>
  </datafield>
  <datafield tag="365" ind1=" " ind2=" ">
    <subfield code="2">Kannada</subfield>
    <subfield code="b">170.00</subfield>
    <subfield code="c">&#x20B9;</subfield>
    <subfield code="d">170.00</subfield>
  </datafield>
  <datafield tag="650" ind1=" " ind2=" ">
    <subfield code="a">Kannada Prose: &#xC95;&#xCA8;&#xCCD;&#xCA8;&#xCA1; &#xC97;&#xCA6;&#xCCD;&#xCAF;</subfield>
    <subfield code="9">34606</subfield>
  </datafield>
  <datafield tag="650" ind1=" " ind2=" ">
    <subfield code="a">Kannada Literature: &#xC95;&#xCA8;&#xCCD;&#xCA8;&#xCA1; &#xCB8;&#xCBE;&#xCB9;&#xCBF;&#xCA4;&#xCCD;&#xCAF;</subfield>
    <subfield code="9">34607</subfield>
  </datafield>
  <datafield tag="700" ind1=" " ind2=" ">
    <subfield code="a">KATRAHALLI (Mahabaleswar)</subfield>
    <subfield code="9">34608</subfield>
  </datafield>
  <datafield tag="942" ind1=" " ind2=" ">
    <subfield code="2">ddc</subfield>
    <subfield code="c">GF</subfield>
  </datafield>
  <datafield tag="999" ind1=" " ind2=" ">
    <subfield code="c">222816</subfield>
    <subfield code="d">222816</subfield>
  </datafield>
  <datafield tag="952" ind1=" " ind2=" ">
    <subfield code="0">0</subfield>
    <subfield code="1">0</subfield>
    <subfield code="2">ddc</subfield>
    <subfield code="4">0</subfield>
    <subfield code="7">0</subfield>
    <subfield code="8">KAN</subfield>
    <subfield code="a">AL</subfield>
    <subfield code="b">AL</subfield>
    <subfield code="d">2013-03-24</subfield>
    <subfield code="l">0</subfield>
    <subfield code="o">K894.4 MAHM</subfield>
    <subfield code="p">GF02892</subfield>
    <subfield code="r">2022-05-06 00:00:00</subfield>
    <subfield code="w">2022-05-06</subfield>
    <subfield code="y">GF</subfield>
  </datafield>
</record>
